000 00718nam a2200241Ia 4500
005 20260430150602.0
008 008 250103s9999 xx 000 0 eng d
037 _aTheses
040 _aCRL
040 _beng
040 _ceng
041 _2eng
041 _aeng
084 _qCRL
100 _aAnjali Rani Au.; Mandal Samit Kr. Gu.
_91237926
245 0 _aExploration of Multinucleon Transfer and Fusion Reaction Dynamics in the Vicinity of the Coulomb Barrier for 28Si + 116,120,124Sn systems
260 _c2023
300 _a119p.
650 _aPhysics
700 _aUniversity of Delhi. Faculty of Science. Deptt. of Physics & Astrophysics
_91237110
942 _cTH
999 _c1850141
_d1850141